| 000 | 00700nam a22002177a 4500 | ||
|---|---|---|---|
| 005 | 20251108173213.0 | ||
| 008 | 250721s2005 xx 000 0 ara d | ||
| 082 | 1 | 4 | _a658.409/ميد |
| 100 | 1 | _aميدين، تيصفا جيبر | |
| 245 | 1 | 0 | _aتحديات القيادة للإدارة الفعالة / |
| 264 | 1 |
_aعمان : _bدار الفكر النشر و التوزيع، _c2005. |
|
| 300 | _a256 ص. | ||
| 650 | 1 | 7 | _aالإدارة |
| 650 | 1 | 7 | _aإدارة الأعمال |
| 650 | 1 | 7 | _aتقنيات الإدارة |
| 650 | 1 | 7 | _aالقيادة |
| 700 | 1 | _aشافير، بيتر | |
| 700 | 1 |
_aحسين، سلامة عبد العظيم _etran. |
|
| 942 |
_2ddc _cBK |
||
| 999 |
_c98469 _d98469 |
||